Regioni Squadre promosse in Serie A - Statistics

Statistiche generali
  • Questo quiz è stato fatto 49 volte
  • Il punteggio medio è 14 su 16
Statistiche sulle risposte
Numero promozioni in Serie A Numero squadre promosse Regione % Corretto
50 11 Lombardia
100%
29 6 Veneto
98%
11 4 Campania
93%
14 5 Piemonte
93%
16 3 Sicilia
93%
27 9 Emilia-Romagna
91%
16 3 Liguria
91%
26 3 Puglia
91%
7 3 Calabria
89%
7 2 Marche
89%
7 1 Sardegna
89%
10 3 Lazio
87%
27 7 Toscana
87%
7 2 Friuli-Venezia Giulia
84%
6 1 Abruzzo
80%
5 2 Umbria
76%
Nessun quiz corrispondente trovato
Distribuzione punteggi
Percentuale di utenti per punteggio
Percentile per numero di risposta
I tuoi punteggi nel tempo
Non hai fatto questo quiz